Swedish Vocabulary Quiz #1 - Statistics

General Stats
  • This quiz has been taken 107 times
  • The average score is 13 of 15
Answer Stats
Swedish English % Correct
han he
100%
hej hello
100%
nej no
100%
ja yes
99%
du you
96%
jag I
94%
hon she
94%
vi we
90%
vad what
90%
var where
88%
de they
86%
vem who
85%
det it
82%
kanske maybe
72%
ni you (plural)
29%
No matching quizzes found
Score Distribution
Percent of People with Each Score
Percentile by Number Answered
Your Score History
You have not taken this quiz